000 00566nam a2200169 a 4500
008 120416s1985 ||||||||||||||||| || u
020 _a8120400542
050 _aQE 26.2 Sin
100 _aSinha, R. K
245 1 3 _aAn introduction to geology
250 _a2nd ed.
260 _aNew Delhi
_bOxford & IBH Publishing Co
_c1985
300 _avi, 159p. : ill
350 _a0.00
650 _aGEOLOGY--STUDY AND TEACHING
995 _D0.00
_FCBU-MAIN LIBRARY (Kitwe)
_H1
_I42.00
_UDAMAGED
_ZMain Library Open Access Collection
999 _c47775
_d47775